00477nam a22001337a 4500008004100000040005500041080002000096245004700116260004800163300001000211500009400221650001300315653001500328230501b |||||||| |||| 00| 0 eng d aNational Science LibrarycNational Science Library a54(082.2)bL2.1 aProceeding of the chemistry symposium 1972 a[s.l]bDepartment of Atomic Energy, c1972 a370p. 3Vol 1 Radioisotope techniques for chemical and biomedical............Radiation chemistry  aNuclear  aChemistry